000 00646cam a22002292 4500
001 0000003566
005 20151217154340.0
008 070510s xx 000 0 eng d
020 _a0205351433 :
_cGBP 69.99
040 _aKABU
_cKABU
050 0 _aLB1051
_b.S53 2003
100 1 _aSlavin, Robert E.
_@0000080722
245 1 0 _aEducational psychology :
_btheory and practice.
250 _a7th ed.
260 _aBoston :
_bPearson,
_c2003.
300 _axxiii, 614 p.
500 _awith CD.
650 0 _aEducational psychology.
_@0000153557
908 _a070510
950 _@1
999 _c10683
_d10683